EU unlikely to back new modified foods. (Record no. 61099)

MARC details
000 -LEADER
fixed length control field 00586cam a2200157 4500
001 - CONTROL NUMBER
control field WB3524-56
008 - FIXED-LENGTH DATA ELEMENTS--GENERAL INFORMATION
fixed length control field 000000n1999 000 0 eng u
035 ## - SYSTEM CONTROL NUMBER
System control number (Sirsi) u102007
245 ## - TITLE STATEMENT
Title EU unlikely to back new modified foods.
260 ## - PUBLICATION, DISTRIBUTION, ETC.
Date of publication, distribution, etc. 1999
490 ## - SERIES STATEMENT
Series statement Financial Times
Volume/sequential designation 25 June 1999, 1(1)
520 ## - SUMMARY, ETC.
Summary, etc. EU environment ministers have indicated strong support for a moratorium on genetically modified (GM) products. This is likely to hold up the sale and planting of such products for years.
650 ## - SUBJECT ADDED ENTRY--TOPICAL TERM
Topical term or geographic name entry element GENETICALLY MODIFIED FOODS
690 ## - LOCAL SUBJECT ADDED ENTRY--TOPICAL TERM (OCLC, RLIN)
Topical term or geographic name as entry element RURAL PRACTICE
942 ## - ADDED ENTRY ELEMENTS (KOHA)
Suppress in OPAC 0
Holdings
Withdrawn status Lost status Source of classification or shelving scheme Damaged status Not for loan Home library Current library Shelving location Date acquired Total Checkouts Full call number Barcode Date last seen Copy number Price effective from Koha item type
    Dewey Decimal Classification     London London News article 15/11/1999   WB3524-56 102007-1001 06/08/2019 1 06/08/2019 News article